LEADER 00989nam0 2200289 450 001 000003238 005 20050630115900.0 010 $a88-324-4158-6 100 $a--------d2001----km-y0itay50------ba 101 $aita 102 $aIT 200 1 $aManuale delle società$edisciplina di imprese, società di persone e di capitali, cooperative e gruppi di imprese$fSilvio D'Andrea$gpresentazione di Vincenzo Franceschelli 205 $a[4. ed.] 210 $aMilano$cIl Sole 24 ore$d2001 215 $aXXXIV, 1467 p.$d23 cm 225 2 $aDiritto degli affari 410 0$12001$aDiritto degli affari 610 1 $aSocietà di persone$aGuide pratiche 610 1 $aSocietà di capitali$aGuide pratiche 676 $a346.450682 700 1$aD'Andrea,$bSilvio$0267601 702 1$aFranceschelli,$bVincenzo 801 0$aIT $bUNIPARTHENOPE $gRICA $2UNIMARC 912 $a000003238 951 $cNAVA1$a346-M/22$b34837$d20011031 996 $aManuale delle società$9887320 997 $aUNIPARTHENOPE LEADER 01098nam0 22002891i 450 001 UON00311071 005 20231205104055.472 010 $a88-7686-150-5 100 $a20080509d1989 |0itac50 ba 101 $aita 102 $aIT 105 $a|||| 1|||| 200 1 $aRime. 1.: Introduzione$fAntonio Tebaldeo$ga cura di Tania Basile e Jean-Jacques Marchand 210 $aModena$cEd. Panini$d1989 215 $a238 p.$c[4] c. di tav.$d24 cm. 410 1$1001UON00174801$12001 $a Testi$1210 $aFerrara$cIstituto di Studi Rinascimentali. 620 $dModena$3UONL000425 700 1$aTEBALDEO$bAntonio$3UONV177983$0156765 702 1$aBASILE$bTania$3UONV177984 702 1$aMarchand$bJean-Jacques$3UONV064375 712 $aPanini$3UONV259556$4650 801 $aIT$bSOL$c20250919$gRICA 899 $aSIBA - SISTEMA BIBLIOTECARIO DI ATENEO$2UONSI 912 $aUON00311071 950 $aSIBA - SISTEMA BIBLIOTECARIO DI ATENEO$dSI ITA Var 111 $eSI LO 49733 5 111 996 $aRime$9231728 997 $aUNIOR